Torschützenliste der Serie A 2010-2011 - Statistiken

Allgemein
  • Dieses Quiz wurde 18 mal gespielt
  • Das Durchschnittsergebnis liegt bei 6 aus 10
Antwortstatistiken
Tore Nationalität Verein Spieler % Korrekt
21 Kamerun Inter Mailand Samuel Eto’o
93%
14 Schweden AC Mailand Zlatan Ibrahimović
93%
28 Italien Udinese Calcio Antonio Di Natale
87%
26 Uruguay SSC Neapel Edinson Cavani
87%
15 Italien AS Rom Francesco Totti
87%
14 Brasilien AC Mailand Robinho
67%
14 Brasilien AC Mailand Alexandre Pato
53%
20 Italien Juventus Turin Alessandro Matri
20%
17 Italien Inter Mailand Giampaolo Pazzini
20%
19 Italien FC Bologna Marco Di Vaio
13%
Keine übereinstimmenden Quizze gefunden
Verteilung der Resultate
Anzahl Personen mit jedem Resultat
Perzentil nach korrekt beantworteten Fragen
Ihre Resultats-Entwicklung
Sie haben dieses Quiz noch nicht gespielt